000 00376nam a22001217a 4500
999 _c1437
_d1437
005 20200831141635.0
008 200831b ||||| |||| 00| 0 eng d
020 _a025305
040 _cCML
245 _aBasic Concepts of Elementary Mathematics.
_cSchaaf, W.L.
260 _aNew York
_bJohn Wiley & Sons, Inc.
_c1960
942 _2ddc
_cBK
_e1st Edition
_h510.7
_mSCH